Basic Nutrition and Diet Therapy Laboratory Manual for Allied Health/ (Record no. 4880)

MARC details
000 -LEADER
fixed length control field 00674nam a22001937a 4500
003 - CONTROL NUMBER IDENTIFIER
control field OSt
005 - DATE AND TIME OF LATEST TRANSACTION
control field 20251014025316.0
008 - FIXED-LENGTH DATA ELEMENTS--GENERAL INFORMATION
fixed length control field 251014b |||||||| |||| 00| 0 eng d
020 ## - INTERNATIONAL STANDARD BOOK NUMBER
International Standard Book Number 978-971-98-0597-7
040 ## - CATALOGING SOURCE
Original cataloging agency DWCL-Main lib
Transcribing agency OC
082 ## - DEWEY DECIMAL CLASSIFICATION NUMBER
Edition number 2ND EDITION
Classification number Fil. 613.2 C255b 2019
100 ## - MAIN ENTRY--PERSONAL NAME
Personal name Cruz- Caudal, Maria Lourdes
245 ## - TITLE STATEMENT
Title Basic Nutrition and Diet Therapy Laboratory Manual for Allied Health/
Statement of responsibility, etc. Maria Lourdes Caudal-Cruz
260 ## - PUBLICATION, DISTRIBUTION, ETC.
Place of publication, distribution, etc. Quezon City,
Name of publisher, distributor, etc. C & E Publishig Inc.,
Date of publication, distribution, etc. c2019.
300 ## - PHYSICAL DESCRIPTION
Extent xvi, 75 pages :
Other physical details illustrations ;
Dimensions 26cm.
650 ## - SUBJECT ADDED ENTRY--TOPICAL TERM
Topical term or geographic name entry element 1. Diet therapy- manual
650 ## - SUBJECT ADDED ENTRY--TOPICAL TERM
Topical term or geographic name entry element 2. Nutrition
942 ## - ADDED ENTRY ELEMENTS (KOHA)
Source of classification or shelving scheme Dewey Decimal Classification
Koha item type Book-Filipiniana
Edition 2ND EDITION
Call number prefix Fil.
Suppress in OPAC No

No items available.